[Event "Skakligaen 2022-23"]
[Site "Denmark"]
[Date "2023.01.15"]
[Round "6.8"]
[White "Nielsen, Thomas Bach"]
[Black "Simonsen, Carsten"]
[Result "1/2-1/2"]
[WhiteElo "2206"]
[BlackElo "2234"]
[PlyCount "47"]
[EventDate "2022.10.29"]
[EventType "team-tourn"]
[EventRounds "9"]
[EventCountry "DEN"]
[SourceTitle "Holdskaksystemet"]
[WhiteTeam "BMS"]
[BlackTeam "Obro"]

1. d4 d5 2. c4 e6 3. Nc3 Be7 4. cxd5 exd5 5. Bf4 c6 6. e3 Bf5 7. Bd3 Bxd3 8.
Qxd3 Nf6 9. Nf3 Nbd7 10. O-O Nh5 11. Be5 Nxe5 12. dxe5 g6 13. e4 dxe4 14. Qxe4
Ng7 15. Rad1 Qc8 16. Qf4 Qf5 17. Qe3 O-O 18. Ne4 Rfe8 19. Nd6 Bxd6 20. Rxd6 Qc2
21. Rd2 Qa4 22. a3 Rad8 23. h3 Ne6 24. Rxd8 1/2-1/2

[Event "Skakligaen 2022-23"]
[Site "Denmark"]
[Date "2023.01.15"]
[Round "6.1"]
[White "Svane, Rasmus"]
[Black "Hector, Jonny"]
[Result "1/2-1/2"]
[WhiteElo "2615"]
[BlackElo "2454"]
[PlyCount "106"]
[EventDate "2022.10.29"]
[EventType "team-tourn"]
[EventRounds "9"]
[EventCountry "DEN"]
[SourceTitle "Holdskaksystemet"]
[WhiteTeam "Skanderborg"]
[BlackTeam "Nordkalotten"]

1. Nf3 d5 2. g3 Nc6 3. d4 Bf5 4. Bg2 Nb4 5. Na3 e6 6. O-O Be7 7. c3 Nc6 8. Qa4
Nf6 9. Ne5 h5 10. Nac4 O-O 11. Nxc6 bxc6 12. Ne5 c5 13. Nc6 Qd7 14. Nxe7+ Qxe7
15. Qa3 Nd7 16. Be3 c6 17. c4 Be4 18. Bxe4 dxe4 19. dxc5 f5 20. Rad1 e5 21. Qa4
Nb8 22. f4 exf3 23. exf3 h4 24. Rf2 f4 25. gxf4 exf4 26. Bd4 h3 27. Kh1 Rd8 28.
Bc3 Rxd1+ 29. Qxd1 Nd7 30. Re2 Qf7 31. Qe1 Qh5 32. Qf1 Re8 33. Rxe8+ Qxe8 34.
Qxh3 Qe2 35. Kg1 Qe3+ 36. Kf1 Qd3+ 37. Ke1 Qe3+ 38. Kd1 Nxc5 39. Qc8+ Kh7 40.
Qf5+ Kg8 41. Qc8+ Kh7 42. Qh3+ Kg8 43. Bd2 Qd3 44. Qc8+ Kh7 45. Qh3+ Kg8 46. b3
Qb1+ 47. Ke2 Qd3+ 48. Ke1 Qb1+ 49. Kf2 Qc2 50. Qc8+ Kh7 51. Qh3+ Kg8 52. Qc8+
Kh7 53. Qh3+ Kg8 1/2-1/2

[Event "Skakligaen 2022-23"]
[Site "Denmark"]
[Date "2023.01.15"]
[Round "6.2"]
[White "Jepson, Christian"]
[Black "Bjerre, Jonas Buhl"]
[Result "1/2-1/2"]
[WhiteElo "2401"]
[BlackElo "2612"]
[PlyCount "99"]
[EventDate "2022.10.29"]
[EventType "team-tourn"]
[EventRounds "9"]
[EventCountry "DEN"]
[SourceTitle "Holdskaksystemet"]
[WhiteTeam "Nordkalotten"]
[BlackTeam "Skanderborg"]

1. d4 Nf6 2. c4 e6 3. Nc3 Bb4 4. e3 O-O 5. Bd3 d5 6. Nf3 b6 7. O-O Bb7 8. cxd5
exd5 9. a3 Bd6 10. b4 a6 11. Qb3 Qe7 12. Re1 Nbd7 13. Ra2 Rab8 14. e4 dxe4 15.
Rae2 Qe6 16. Qxe6 fxe6 17. Nxe4 Nxe4 18. Bxe4 Bd5 19. Ng5 h6 20. Bxd5 exd5 21.
Ne6 Rf7 22. g3 Nf6 23. Kg2 Re8 24. Nf4 Rxe2 25. Rxe2 g5 26. Nd3 Ne4 27. f3 Nc3
28. Re6 Kg7 29. h4 Re7 30. Rxe7+ Bxe7 31. hxg5 hxg5 32. Ne5 Bf6 33. Nc6 Kg6 34.
Kf2 Kf5 35. Ke3 g4 36. fxg4+ Kxg4 37. Kd3 Nb5 38. Bf4 Nxa3 39. Bxc7 Nc4 40. Be5
Bg5 41. Bc7 Kf5 42. Ne5 b5 43. Nc6 Bd2 44. g4+ Kg5 45. Bd8+ Kxg4 46. Ne5+ Nxe5+
47. dxe5 Bxb4 48. Kd4 a5 49. e6 a4 50. e7 1/2-1/2

[Event "Skakligaen 2022-23"]
[Site "Denmark"]
[Date "2023.01.15"]
[Round "6.3"]
[White "Andersen, Mads"]
[Black "Brynell, Stellan"]
[Result "1-0"]
[WhiteElo "2604"]
[BlackElo "2383"]
[PlyCount "117"]
[EventDate "2022.10.29"]
[EventType "team-tourn"]
[EventRounds "9"]
[EventCountry "DEN"]
[SourceTitle "Holdskaksystemet"]
[WhiteTeam "Skanderborg"]
[BlackTeam "Nordkalotten"]

1. e4 e6 2. d4 d5 3. e5 c5 4. c3 Qb6 5. Nf3 Bd7 6. Be2 Bb5 7. Bxb5+ Qxb5 8. Na3
Qd7 9. Nc2 cxd4 10. cxd4 Ne7 11. h4 h5 12. O-O Nf5 13. Bg5 Be7 14. Ne3 Nxe3 15.
fxe3 f6 16. exf6 gxf6 17. Qd3 Kd8 18. Qg6 Qe8 19. Ne5 Rg8 20. Qxe8+ Kxe8 21.
Bxf6 Nd7 22. Nxd7 Kxd7 23. Bxe7 Kxe7 24. Rac1 Rac8 25. Kh2 Rxc1 26. Rxc1 Kd6
27. Rf1 Ke7 28. Rc1 Kd6 29. Rf1 Ke7 30. Rf2 a5 31. Kh3 a4 32. a3 b5 33. g3 Rb8
34. g4 hxg4+ 35. Kxg4 Rg8+ 36. Kf3 Rf8+ 37. Kg3 Rg8+ 38. Kf3 Rf8+ 39. Ke2 Rh8
40. Rh2 Kf6 41. Kd3 b4 42. h5 Kg7 43. axb4 Rb8 44. Rg2+ Kh7 45. Rg6 Rxb4 46.
Rxe6 Rxb2 47. Rd6 Rb3+ 48. Ke2 Rb2+ 49. Kf3 Rb7 50. Ra6 Rf7+ 51. Kg4 Re7 52.
Kf4 Re4+ 53. Kf3 Rh4 54. Rxa4 Rxh5 55. Kg4 Rh1 56. Ra5 Re1 57. Kf4 Rf1+ 58. Ke5
Kg6 59. Ra6+ 1-0

[Event "Skakligaen 2022-23"]
[Site "Denmark"]
[Date "2023.01.15"]
[Round "6.4"]
[White "Sylvan, Jacob"]
[Black "Svane, Frederik"]
[Result "1-0"]
[WhiteElo "2310"]
[BlackElo "2566"]
[PlyCount "83"]
[EventDate "2022.10.29"]
[EventType "team-tourn"]
[EventRounds "9"]
[EventCountry "DEN"]
[SourceTitle "Holdskaksystemet"]
[WhiteTeam "Nordkalotten"]
[BlackTeam "Skanderborg"]

1. d4 Nf6 2. Nf3 d5 3. g3 Bf5 4. Bg2 e6 5. O-O Be7 6. c4 c6 7. Qb3 Qb6 8. c5
Qxb3 9. axb3 Nbd7 10. b4 a6 11. Nbd2 O-O-O 12. Nb3 h6 13. Bd2 Ne4 14. Be3 Bf6
15. b5 cxb5 16. Rfc1 Nb8 17. Na5 Rde8 18. Ne5 Bxe5 19. dxe5 d4 20. Bxd4 Rd8 21.
Be3 Kc7 22. c6 b6 23. Nb7 a5 24. Nxd8 Rxd8 25. g4 Bg6 26. b4 a4 27. Ra2 Na6 28.
Rb2 f5 29. exf6 gxf6 30. Bxh6 Nd6 31. Rd2 Nxb4 32. Bg7 Nc4 33. Rxd8 Kxd8 34.
Rd1+ Kc8 35. Bxf6 Nd5 36. Bxd5 exd5 37. Rxd5 b4 38. Rb5 b3 39. Rb4 b5 40. Rxb5
Bc2 41. Rb4 Na5 42. Bb2 1-0

[Event "Skakligaen 2022-23"]
[Site "Denmark"]
[Date "2023.01.15"]
[Round "6.5"]
[White "Olsen, Filip Boe"]
[Black "Hove, Esben Kjems"]
[Result "1-0"]
[WhiteElo "2433"]
[BlackElo "2305"]
[PlyCount "63"]
[EventDate "2022.10.29"]
[EventType "team-tourn"]
[EventRounds "9"]
[EventCountry "DEN"]
[SourceTitle "Holdskaksystemet"]
[WhiteTeam "Skanderborg"]
[BlackTeam "Nordkalotten"]

1. d4 d5 2. Nf3 Nf6 3. Bf4 c5 4. e3 Nc6 5. Nbd2 cxd4 6. exd4 Bf5 7. c3 e6 8.
Bb5 Nd7 9. O-O Be7 10. Ne5 Ncxe5 11. dxe5 O-O 12. Nb3 Nb6 13. Nd4 Bg6 14. Bd3
Bxd3 15. Qxd3 Qd7 16. Rad1 Rfc8 17. Qe2 Re8 18. Rfe1 Rac8 19. Rd3 Na4 20. Rh3
g6 21. Qd2 f5 22. exf6 Bxf6 23. Rhe3 Bxd4 24. cxd4 Nb6 25. b3 Rc6 26. h4 Nc8
27. h5 Ne7 28. Be5 Rf8 29. Rg3 Qe8 30. hxg6 Nxg6 31. Qh6 Qf7 32. Ree3 1-0

[Event "Skakligaen 2022-23"]
[Site "Denmark"]
[Date "2023.01.15"]
[Round "6.6"]
[White "Schmidt, Kristen"]
[Black "Pedersen, Nicolai Vesterbaek"]
[Result "1/2-1/2"]
[WhiteElo "2273"]
[BlackElo "2367"]
[PlyCount "28"]
[EventDate "2022.10.29"]
[EventType "team-tourn"]
[EventRounds "9"]
[EventCountry "DEN"]
[SourceTitle "Holdskaksystemet"]
[WhiteTeam "Nordkalotten"]
[BlackTeam "Skanderborg"]

1. e4 e5 2. Nf3 Nc6 3. Bb5 a6 4. Ba4 Nf6 5. O-O Be7 6. Re1 b5 7. Bb3 d6 8. c3
O-O 9. d4 Bg4 10. d5 Na5 11. Bc2 c6 12. dxc6 Qc8 13. h3 Be6 14. Ng5 Qxc6
1/2-1/2

[Event "Skakligaen 2022-23"]
[Site "Denmark"]
[Date "2023.01.15"]
[Round "6.7"]
[White "Brondt, Nicolai Kvist"]
[Black "Kristensen, Kaare Hove"]
[Result "1/2-1/2"]
[WhiteElo "2248"]
[BlackElo "2267"]
[PlyCount "34"]
[EventDate "2022.10.29"]
[EventType "team-tourn"]
[EventRounds "9"]
[EventCountry "DEN"]
[SourceTitle "Holdskaksystemet"]
[WhiteTeam "Skanderborg"]
[BlackTeam "Nordkalotten"]

1. c4 e6 2. Nc3 d5 3. d4 c6 4. e3 Nf6 5. Nf3 Nbd7 6. Qc2 Bd6 7. b3 O-O 8. Be2
b6 9. Bb2 Bb7 10. O-O Qe7 11. Rad1 Rac8 12. e4 Nxe4 13. Nxe4 dxe4 14. Qxe4 f5
15. Qe3 c5 16. dxc5 Bxc5 17. Qg5 Rcd8 1/2-1/2

[Event "Skakligaen 2022-23"]
[Site "Denmark"]
[Date "2023.01.15"]
[Round "6.1"]
[White "Hillarp Persson, Tiger"]
[Black "Matthiesen, Martin"]
[Result "1-0"]
[WhiteElo "2511"]
[BlackElo "2328"]
[PlyCount "99"]
[EventDate "2022.10.29"]
[EventType "team-tourn"]
[EventRounds "9"]
[EventCountry "DEN"]
[SourceTitle "Holdskaksystemet"]
[WhiteTeam "Bronshoj"]
[BlackTeam "SK1968"]

1. Nf3 d5 2. g3 g6 3. c4 dxc4 4. Na3 Bg7 5. Nxc4 Nc6 6. d3 e5 7. Bg2 Nge7 8.
O-O O-O 9. Rb1 a5 10. b3 Re8 11. Bb2 Nf5 12. e3 Nd6 13. Qe2 Bf5 14. Rfd1 a4 15.
h3 axb3 16. axb3 Nxc4 17. bxc4 Ra2 18. Qc2 Qe7 19. Qb3 Ra7 20. Nd2 Rea8 21. Ne4
Nb8 22. Re1 Nd7 23. d4 h6 24. Rbd1 Qf8 25. Nc3 exd4 26. exd4 c6 27. c5 Nf6 28.
Bc1 Be6 29. Qb1 Qc8 30. Kh2 Qd7 31. Bf4 Ra3 32. Qc1 Kh7 33. Bd6 Rb3 34. Re3 Bf8
35. Bxf8 Rxf8 36. d5 Rxc3 37. Qxc3 Nxd5 38. Qb2 Ra8 39. Rb3 Qe7 40. Rxb7 Qxc5
41. Re1 Qd6 42. h4 Kg8 43. Qd2 h5 44. Qd4 Rd8 45. Kg1 Rc8 46. Be4 c5 47. Qd2 c4
48. Qh6 Bg4 49. Qg5 Rc5 50. Bxg6 1-0

[Event "Skakligaen 2022-23"]
[Site "Denmark"]
[Date "2023.01.15"]
[Round "6.2"]
[White "Thogersen, Rasmus"]
[Black "Rodriguez, Renier Castellanos"]
[Result "0-1"]
[WhiteElo "2323"]
[BlackElo "2474"]
[PlyCount "70"]
[EventDate "2022.10.29"]
[EventType "team-tourn"]
[EventRounds "9"]
[EventCountry "DEN"]
[SourceTitle "Holdskaksystemet"]
[WhiteTeam "SK1968"]
[BlackTeam "Bronshoj"]

1. e4 c5 2. Nc3 e6 3. Nf3 a6 4. g3 Nc6 5. Bg2 d6 6. O-O Nf6 7. d4 cxd4 8. Nxd4
Bd7 9. Nxc6 Bxc6 10. Bf4 h6 11. Nd5 exd5 12. exd5 Bb5 13. Re1+ Be7 14. a4 g5
15. Bd2 Bd7 16. Qe2 Bg4 17. f3 Bf5 18. c4 Ng8 19. g4 Bg6 20. h4 Kf8 21. Ra3
Qb6+ 22. Be3 Qb4 23. h5 Bh7 24. Bf1 Bf6 25. Qd1 Re8 26. Rb3 Qxa4 27. Bf2 Rxe1
28. Bxe1 Be5 29. Bb4 Nf6 30. c5 Kg7 31. cxd6 Rc8 32. Bd3 Rc1 33. Qxc1 Qxb3 34.
Bxh7 Qxb4 35. Bf5 Qxd6 0-1

[Event "Skakligaen 2022-23"]
[Site "Denmark"]
[Date "2023.01.15"]
[Round "6.3"]
[White "Aagaard, Jacob"]
[Black "Ramsdal, Jens Albert"]
[Result "0-1"]
[WhiteElo "2455"]
[BlackElo "2318"]
[PlyCount "92"]
[EventDate "2022.10.29"]
[EventType "team-tourn"]
[EventRounds "9"]
[EventCountry "DEN"]
[SourceTitle "Holdskaksystemet"]
[WhiteTeam "Bronshoj"]
[BlackTeam "SK1968"]

1. e4 c5 2. Nf3 Nc6 3. d4 cxd4 4. Nxd4 e5 5. Nb5 d6 6. g3 Be7 7. Bg2 Nf6 8. Bg5
Bg4 9. Qd3 Rc8 10. c3 O-O 11. Bxf6 Bxf6 12. Nd2 a6 13. Na3 Be6 14. O-O Qd7 15.
Ndc4 Qc7 16. Ne3 Qb8 17. Nd5 Bd8 18. Nc4 Ne7 19. Nxd6 Rc6 20. Nc4 f5 21. exf5
Bxf5 22. Qe2 Re6 23. Rad1 Kh8 24. Nxe7 Rxe7 25. Rfe1 Bc7 26. f4 e4 27. Kh1 h6
28. Ne3 Be6 29. Nd5 Bxd5 30. Rxd5 Rfe8 31. Qh5 Qa7 32. Rd4 e3 33. Qf5 Qb6 34.
Be4 g6 35. Qd5 Qxb2 36. Bxg6 Qxc3 37. Rdd1 Rd8 38. Qf5 Qc6+ 39. Kg1 Rg8 40. Bh5
e2 41. Rd5 Qc3 42. Kf2 Bb6+ 43. Kg2 Reg7 44. Rxe2 Rxg3+ 45. hxg3 Qxg3+ 46. Kh1
Qg1# 0-1

[Event "Skakligaen 2022-23"]
[Site "Denmark"]
[Date "2023.01.15"]
[Round "6.4"]
[White "Hansen, Lars"]
[Black "Vasli, Aref"]
[Result "0-1"]
[WhiteElo "2259"]
[BlackElo "2374"]
[PlyCount "62"]
[EventDate "2022.10.29"]
[EventType "team-tourn"]
[EventRounds "9"]
[EventCountry "DEN"]
[SourceTitle "Holdskaksystemet"]
[WhiteTeam "SK1968"]
[BlackTeam "Bronshoj"]

1. e4 e5 2. Nf3 Nc6 3. d4 exd4 4. Bc4 Nf6 5. e5 d5 6. Bb5 Ne4 7. Nxd4 Bc5 8.
Be3 Bd7 9. Bxc6 bxc6 10. O-O Qe7 11. f3 Nd6 12. Bf2 Nf5 13. Qd3 Qxe5 14. Nxf5
Bxf5 15. Qa6 Bxf2+ 16. Rxf2 O-O 17. Nc3 Qd6 18. Rd1 Rfe8 19. Qa5 Re5 20. Rfd2
Bg6 21. a3 h6 22. b4 Qe7 23. Qc5 Qxc5+ 24. bxc5 Rb8 25. Kf2 Rb2 26. Rb1 Rxc2
27. Rxc2 Bxc2 28. Rb8+ Kh7 29. Rb2 d4 30. Rxc2 Rxc5 31. Ke2 Rxc3 0-1

[Event "Skakligaen 2022-23"]
[Site "Denmark"]
[Date "2023.01.15"]
[Round "6.5"]
[White "Hoi, Carsten"]
[Black "Rewitz, Poul"]
[Result "1/2-1/2"]
[WhiteElo "2344"]
[BlackElo "2172"]
[PlyCount "67"]
[EventDate "2022.10.29"]
[EventType "team-tourn"]
[EventRounds "9"]
[EventCountry "DEN"]
[SourceTitle "Holdskaksystemet"]
[WhiteTeam "Bronshoj"]
[BlackTeam "SK1968"]

1. d4 d5 2. c4 e5 3. e3 exd4 4. exd4 Nf6 5. Nc3 Be7 6. Nf3 O-O 7. Bd3 dxc4 8.
Bxc4 Bg4 9. Be3 Nbd7 10. h3 Bh5 11. Bb3 c6 12. Qe2 a5 13. Rd1 Nb6 14. a3 Nbd5
15. Nxd5 Nxd5 16. g4 Nxe3 17. Qxe3 Bg6 18. O-O Bd6 19. Ne5 a4 20. Ba2 Qb6 21.
Nc4 Qc7 22. f4 Rae8 23. Ne5 Bc2 24. Rc1 Bb3 25. Bxb3 axb3 26. Qxb3 Kh8 27. Rce1
Re7 28. Qc3 f6 29. Nd3 Rxe1 30. Qxe1 Qb6 31. Qe3 Rf7 32. b4 Re7 33. Qf2 Qa6 34.
Qd2 1/2-1/2

[Event "Skakligaen 2022-23"]
[Site "Denmark"]
[Date "2023.01.15"]
[Round "6.6"]
[White "Pedersen, Gunnar"]
[Black "Bromann, Thorbjorn"]
[Result "0-1"]
[WhiteElo "2221"]
[BlackElo "2374"]
[PlyCount "74"]
[EventDate "2022.10.29"]
[EventType "team-tourn"]
[EventRounds "9"]
[EventCountry "DEN"]
[SourceTitle "Holdskaksystemet"]
[WhiteTeam "SK1968"]
[BlackTeam "Bronshoj"]

1. d4 g6 2. e4 Bg7 3. Nc3 d6 4. h4 h5 5. Nf3 a6 6. Bc4 Bg4 7. Be3 Nc6 8. d5 Ne5
9. Be2 Bxf3 10. gxf3 c5 11. f4 Nd7 12. Rg1 Qb6 13. Rg3 Qxb2 14. Bd2 Qb6 15. Rb1
Qc7 16. f5 Be5 17. fxg6 Bxg3 18. gxf7+ Kxf7 19. Bxh5+ Kg7 20. fxg3 Ne5 21. Bg4
Rf8 22. Bf5 Nh6 23. Bxh6+ Rxh6 24. Kf1 Qa5 25. Qe1 b5 26. Kg2 Kf7 27. Qe3 Rf6
28. Ne2 Qxa2 29. Rc1 Rxf5 30. exf5 Qxd5+ 31. Kh3 Nc4 32. Qg5 Ke8 33. Rf1 Qe4
34. Nf4 Rxf5 35. Qg6+ Kd7 36. Re1 Qxe1 37. Qxf5+ Kc7 0-1

[Event "Skakligaen 2022-23"]
[Site "Denmark"]
[Date "2023.01.15"]
[Round "6.7"]
[White "Palm, Nikolaj"]
[Black "Christensen, Thomas K"]
[Result "1/2-1/2"]
[WhiteElo "2308"]
[BlackElo "2187"]
[PlyCount "35"]
[EventDate "2022.10.29"]
[EventType "team-tourn"]
[EventRounds "9"]
[EventCountry "DEN"]
[SourceTitle "Holdskaksystemet"]
[WhiteTeam "Bronshoj"]
[BlackTeam "SK1968"]

1. d4 Nf6 2. c4 e6 3. Nc3 Bb4 4. Qc2 c5 5. e3 O-O 6. a3 Bxc3+ 7. Qxc3 b6 8. Nf3
d6 9. b4 Qe7 10. Bb2 Nbd7 11. dxc5 bxc5 12. Be2 e5 13. O-O Bb7 14. Nd2 Ne4 15.
Nxe4 Bxe4 16. f3 Bb7 17. Rad1 f5 18. Rf2 1/2-1/2

[Event "Skakligaen 2022-23"]
[Site "Denmark"]
[Date "2023.01.15"]
[Round "6.8"]
[White "Sorensen, Torben Kyhl"]
[Black "Thuesen, Mogens Henrik"]
[Result "0-1"]
[WhiteElo "2165"]
[BlackElo "2137"]
[PlyCount "70"]
[EventDate "2022.10.29"]
[EventType "team-tourn"]
[EventRounds "9"]
[EventCountry "DEN"]
[SourceTitle "Holdskaksystemet"]
[WhiteTeam "SK1968"]
[BlackTeam "Bronshoj"]

1. e4 e6 2. d4 d5 3. Nd2 c5 4. c3 cxd4 5. cxd4 dxe4 6. Nxe4 Bb4+ 7. Nc3 Nf6 8.
a3 Be7 9. Nf3 Nc6 10. Bb5 O-O 11. O-O Bd7 12. Qe2 Na5 13. Bf4 Bxb5 14. Qxb5 a6
15. Qe2 Rc8 16. Na4 Nd5 17. Be5 Nb3 18. Rad1 b5 19. Nc3 Nxc3 20. bxc3 Qd5 21.
Qb2 Na5 22. Nd2 Bg5 23. Nf3 Nc4 24. Qb4 a5 25. Qb3 Be7 26. a4 bxa4 27. Qc2 a3
28. Rfe1 Nb2 29. Rc1 Rc6 30. Re4 Rxc3 31. Qxc3 Qxe4 32. d5 Bb4 33. Qc8 Rxc8 34.
Rxc8+ Bf8 35. Bd6 Qb1+ 0-1

[Event "Skakligaen 2022-23"]
[Site "Denmark"]
[Date "2023.01.15"]
[Round "6.1"]
[White "Thybo, Jesper Sondergaard"]
[Black "Ochsner, Bjorn Moller"]
[Result "0-1"]
[WhiteElo "2498"]
[BlackElo "2504"]
[PlyCount "140"]
[EventDate "2022.10.29"]
[EventType "team-tourn"]
[EventRounds "9"]
[EventCountry "DEN"]
[SourceTitle "Holdskaksystemet"]
[WhiteTeam "Koge"]
[BlackTeam "AarhusSkolerne"]

1. d4 Nf6 2. c4 e6 3. Nf3 d5 4. g3 dxc4 5. Bg2 c6 6. a4 Bb4+ 7. Bd2 a5 8. Qc2
Bxd2+ 9. Qxd2 b5 10. axb5 cxb5 11. Qg5 O-O 12. Qxb5 Nbd7 13. Qxc4 Ba6 14. Qc2
Qb6 15. Nc3 Rab8 16. Rb1 Rfc8 17. O-O h6 18. Qd2 Rc4 19. Rfc1 Rb4 20. Nd1 Bc4
21. Ra1 Bb3 22. Ne3 Bd5 23. Nxd5 exd5 24. Bf1 Ne4 25. Qf4 Rxb2 26. Qc7 Ndf6 27.
Qxb6 R8xb6 28. Rxa5 Kh7 29. Ne5 Rb7 30. Nd3 Rd2 31. f3 Nd6 32. Kf2 Nc4 33. Raa1
Re7 34. Rd1 Rc2 35. Ne1 Rb2 36. Nd3 Rc2 37. Nb4 Rb2 38. Rdb1 Rd2 39. Ke1 Rb7
40. Nd3 Re7 41. Rb3 Ne8 42. Rc3 Ned6 43. Nb4 Rb7 44. Nxd5 Rxd4 45. Nf4 g5 46.
e3 Rd2 47. Bd3+ f5 48. Ne2 Rbb2 49. Ra7+ Kg6 50. Ra6 Kg7 51. Rc6 Ne5 52. Rxd6
Nxd3+ 53. Rdxd3 Rxe2+ 54. Kd1 Rxh2 55. Kc1 Ra2 56. Kb1 Rhb2+ 57. Kc1 Rg2 58.
Kb1 Raf2 59. Rc7+ Kg6 60. e4 Rf1+ 61. Rc1 Rxc1+ 62. Kxc1 Rxg3 63. exf5+ Kxf5
64. Kd2 Kf4 65. Ke2 Rg2+ 66. Kf1 Rh2 67. Kg1 Ra2 68. Rd6 Kg3 69. Kf1 h5 70. Rd5
Kxf3 0-1

[Event "Skakligaen 2022-23"]
[Site "Denmark"]
[Date "2023.01.15"]
[Round "6.2"]
[White "Vinther Schou, Uffe"]
[Black "Rozentalis, Eduardas"]
[Result "0-1"]
[WhiteElo "2382"]
[BlackElo "2500"]
[PlyCount "70"]
[EventDate "2022.10.29"]
[EventType "team-tourn"]
[EventRounds "9"]
[EventCountry "DEN"]
[SourceTitle "Holdskaksystemet"]
[WhiteTeam "AarhusSkolerne"]
[BlackTeam "Koge"]

1. c4 e6 2. g3 d5 3. Bg2 dxc4 4. Qa4+ Bd7 5. Qxc4 Bc6 6. Nf3 Nd7 7. O-O Ngf6 8.
Qc2 e5 9. Nc3 Bd6 10. b3 O-O 11. Bb2 Re8 12. Rad1 Qe7 13. d4 Bxf3 14. exf3 exd4
15. Rxd4 c6 16. Rfd1 Bc7 17. R4d2 Rad8 18. Nb5 Ba5 19. Nd6 Bxd2 20. Nxe8 Rxe8
21. Qxd2 Nb6 22. f4 Nbd5 23. Bf3 a6 24. Be5 Rd8 25. Qa5 Rd7 26. a3 h6 27. b4
Qe6 28. Kg2 Ng4 29. Re1 Qg6 30. Be4 Nge3+ 31. Rxe3 Nxe3+ 32. Kf3 f5 33. Bb1 Nc4
34. Ba2 Qf7 35. Qc5 Nd2+ 0-1

[Event "Skakligaen 2022-23"]
[Site "Denmark"]
[Date "2023.01.15"]
[Round "6.3"]
[White "Chatalbashev, Boris"]
[Black "Skytte, Rasmus"]
[Result "1/2-1/2"]
[WhiteElo "2488"]
[BlackElo "2354"]
[PlyCount "62"]
[EventDate "2022.10.29"]
[EventType "team-tourn"]
[EventRounds "9"]
[EventCountry "DEN"]
[SourceTitle "Holdskaksystemet"]
[WhiteTeam "Koge"]
[BlackTeam "AarhusSkolerne"]

1. d4 d5 2. c4 e6 3. Nc3 c5 4. cxd5 exd5 5. Nf3 Nc6 6. g3 Nf6 7. Bg2 Be7 8. O-O
O-O 9. dxc5 Bxc5 10. Bg5 d4 11. Na4 Be7 12. Rc1 h6 13. Bxf6 Bxf6 14. a3 a5 15.
Qb3 Qe7 16. Qb5 Rd8 17. Nb6 Rb8 18. Nd5 Qe6 19. Nd2 Bd7 20. Ne4 Be5 21. Nc5 Qe8
22. Nxd7 Qxd7 23. Rfd1 g6 24. e4 Bg7 25. h4 Re8 26. f4 Rbd8 27. Kh2 g5 28. hxg5
hxg5 29. Nb6 Qg4 30. Qxg5 Qxg5 31. fxg5 Re5 1/2-1/2

[Event "Skakligaen 2022-23"]
[Site "Denmark"]
[Date "2023.01.15"]
[Round "6.4"]
[White "Sorensen, Jan"]
[Black "Smith, Axel"]
[Result "1/2-1/2"]
[WhiteElo "2370"]
[BlackElo "2402"]
[PlyCount "80"]
[EventDate "2022.10.29"]
[EventType "team-tourn"]
[EventRounds "9"]
[EventCountry "DEN"]
[SourceTitle "Holdskaksystemet"]
[WhiteTeam "AarhusSkolerne"]
[BlackTeam "Koge"]

1. e4 Nf6 2. e5 Nd5 3. d4 Nb6 4. Nf3 d5 5. Bd3 Bg4 6. Nbd2 e6 7. c3 c5 8. dxc5
Bxc5 9. Qc2 Bh5 10. Nb3 Be7 11. Nfd4 N6d7 12. f4 Nc5 13. Nxc5 Bxc5 14. Be3 Bxd4
15. cxd4 Bg6 16. O-O Bxd3 17. Qxd3 g6 18. Rac1 Nc6 19. b4 h5 20. Rc5 Ne7 21.
Bf2 Nf5 22. Rfc1 O-O 23. Rc7 Rb8 24. b5 a6 25. a4 axb5 26. axb5 b6 27. h3 h4
28. Qc3 Re8 29. Qc6 Re7 30. Rc8 Rxc8 31. Qxc8 Qxc8 32. Rxc8+ Kg7 33. Rc6 Ra7
34. Kf1 Ra1+ 35. Ke2 Ra2+ 36. Kf3 Ra3+ 37. Ke2 Ra2+ 38. Kf3 Ra3+ 39. Ke2 Ra2+
40. Kf3 Ra3+ 1/2-1/2

[Event "Skakligaen 2022-23"]
[Site "Denmark"]
[Date "2023.01.15"]
[Round "6.5"]
[White "Ahlander, Bjorn"]
[Black "Boe, Mads"]
[Result "1-0"]
[WhiteElo "2406"]
[BlackElo "2302"]
[PlyCount "53"]
[EventDate "2022.10.29"]
[EventType "team-tourn"]
[EventRounds "9"]
[EventCountry "DEN"]
[SourceTitle "Holdskaksystemet"]
[WhiteTeam "Koge"]
[BlackTeam "AarhusSkolerne"]

1. e4 c6 2. d4 d5 3. e5 Bf5 4. h4 h5 5. c4 e6 6. Nc3 Nd7 7. cxd5 exd5 8. Bd3
Bxd3 9. Qxd3 Bb4 10. Nf3 Nf8 11. O-O Nh6 12. Ne2 Qd7 13. Bg5 Ne6 14. Ng3 Ng8
15. a3 Be7 16. Nf5 Bf8 17. Rfe1 g6 18. Nd6+ Bxd6 19. exd6 Qxd6 20. Rxe6+ fxe6
21. Qxg6+ Kf8 22. Bf6 Nxf6 23. Qxf6+ Kg8 24. Qg6+ Kf8 25. Ng5 Qd7 26. Nxe6+ Ke7
27. Qg7+ 1-0

[Event "Skakligaen 2022-23"]
[Site "Denmark"]
[Date "2023.01.15"]
[Round "6.6"]
[White "Pedersen, Finn"]
[Black "Jorgensen, Brian"]
[Result "1/2-1/2"]
[WhiteElo "2266"]
[BlackElo "2262"]
[PlyCount "91"]
[EventDate "2022.10.29"]
[EventType "team-tourn"]
[EventRounds "9"]
[EventCountry "DEN"]
[SourceTitle "Holdskaksystemet"]
[WhiteTeam "AarhusSkolerne"]
[BlackTeam "Koge"]

1. Nf3 c5 2. e3 Nf6 3. d4 e6 4. Be2 Be7 5. O-O O-O 6. dxc5 Bxc5 7. a3 d5 8. b4
Bd6 9. Bb2 Nc6 10. Nbd2 Re8 11. c4 Bc7 12. Qc2 Qe7 13. Rfd1 dxc4 14. Nxc4 a6
15. Rac1 e5 16. e4 Bg4 17. Ne3 Bb6 18. Nxg4 Nxg4 19. Rf1 Rad8 20. h3 Nf6 21.
Bxa6 Nxb4 22. axb4 bxa6 23. Nxe5 Ra8 24. Qc4 a5 25. b5 a4 26. Rfe1 a3 27. Ba1
Qb7 28. Nc6 Re6 29. Re2 Rae8 30. Rce1 h6 31. g3 Nd7 32. Kg2 Bc5 33. f4 Bf8 34.
f5 Rd6 35. Kh2 Nb6 36. Qb3 Qd7 37. Qxa3 Rxe4 38. Qf3 Rxe2+ 39. Rxe2 Rd3 40. Qf2
Rd1 41. Qxb6 Qd5 42. Rg2 Rxa1 43. Qd4 Qxd4 44. Nxd4 Rd1 45. Nc6 Rb1 46. Nd4
1/2-1/2

[Event "Skakligaen 2022-23"]
[Site "Denmark"]
[Date "2023.01.15"]
[Round "6.7"]
[White "Pedersen, Henrik Dahl"]
[Black "Sobjerg, Erik"]
[Result "1/2-1/2"]
[WhiteElo "2233"]
[BlackElo "2252"]
[PlyCount "49"]
[EventDate "2022.10.29"]
[EventType "team-tourn"]
[EventRounds "9"]
[EventCountry "DEN"]
[SourceTitle "Holdskaksystemet"]
[WhiteTeam "Koge"]
[BlackTeam "AarhusSkolerne"]

1. e4 e5 2. Nf3 Nc6 3. Bc4 Nf6 4. d3 d5 5. exd5 Nxd5 6. Nc3 Be6 7. Bb5 f6 8.
O-O Nxc3 9. bxc3 Qd6 10. Qe2 O-O-O 11. Rb1 a6 12. Ba4 Bg4 13. Re1 h5 14. h3 Bd7
15. Nd2 Na5 16. Ne4 Qe6 17. Bxd7+ Rxd7 18. Be3 f5 19. Ng5 Qf6 20. f4 Bd6 21.
Qf2 Nc6 22. d4 exf4 23. Bxf4 Bxf4 24. Qxf4 Re7 25. Rxe7 1/2-1/2